| 000 | 02065nam a22002897a 4500 | ||
|---|---|---|---|
| 001 | 3502 | ||
| 003 | FISKH | ||
| 005 | 20250530110248.0 | ||
| 008 | 240313b cb ||||| |||| 00| 0 eng d | ||
| 020 | _a9789995054250 | ||
| 040 |
_aFISKH _bkhr _cFISKH _dFISKH |
||
| 050 | _aPZ7 | ||
| 082 | _a791.43028 | ||
| 100 | _aLabbé, Brigitte. | ||
| 245 |
_aខ្ញុំចង់ដឹងជីវិតរបស់... ឆាលី ឆាភ្លីន៊ / _cនិពន្ធដោយ Brigitte Labbé និង Michel Puech រូបភាពដោយ Jean-Pierre Joblin. |
||
| 260 |
_aPhnom Penh : _bSipar, _c2007. |
||
| 300 |
_a40 pages : _bcolor illustrations ; _c20 cm |
||
| 500 | _aច្បាប់ដើមបានត្រូវបោះពុម្ពផ្សាយក្រោមចំណងជើងថា Charlie Chaplin c 2004 Édition Milan | ||
| 520 | _aនៅអាយុ៩ឆ្នាំ ឆាលី ឆាភ្លីនគាត់ជាក្មេងរសាត់អណ្ដែតតាមចិញ្ចើមផ្លូវនានា ក្នុងទីក្រុងឡុង។ នៅអាយុ២៧ឆ្នាំ គាត់ក្លាយជាតារាពិភពលោកមួយដួង។ តួអង្គដែលគាត់បានបង្កើតគឺ »ជនអនាថា» ដែលជនជាតិខ្មែរយើងអោយឈ្មោះថា »សាក់ឡូ» មានឈ្មោះល្បីល្បាញនៅក្នុងពិភពភាពយន្ដ។ | ||
| 520 | _aAt the age of nine, Charlie Chaplin was a street child in London. At the age of 27, he became a world star. The character he created was "Homeless", which Cambodians call "Saklo", a well-known figure in the movie world. | ||
| 650 |
_aជិវ:ប្រវត្តិ _xឆាលី ឆាភ្លីន |
||
| 650 |
_aBiography _xChalie Chaplin |
||
| 700 |
_aPuech, Michel _eAuthor |
||
| 700 |
_aJoblin, Jean-Pierre _eillustrator |
||
| 942 |
_2ddc _cKHB _n0 |
||
| 999 |
_c3502 _d3502 |
||